[Event "Titled Tuesday intern op 03rd May Late"]
[Site "Chess.com INT"]
[Date "2022.05.03"]
[Round "4"]
[White "Omariev, Maksim"]
[Black "Smail, Benedict"]
[Result "1-0"]
[WhiteElo "2304"]
[BlackElo "2085"]
[PlyCount "81"]
[EventDate "2022.05.03"]
[EventType "swiss (blitz)"]
[EventRounds "11"]
[EventCountry "USA"]
[SourceTitle "CBM 208 Extra"]
[Source "ChessBase"]
[SourceDate "2022.07.31"]
[SourceVersion "1"]
[SourceVersionDate "2022.07.31"]
[SourceQuality "1"]

1. g4 d5 2. Bg2 c6 3. h3 Nf6 4. d4 Nbd7 5. Nf3 e6 6. Bf4 Nb6 7. Nbd2 Bd6 8. Ne5 h6 9. c3 Qc7 10. e3 Nbd7 11. Ndf3 b6 12. Qc2 Ba6 13. 0-0-0 c5 14. Kb1 cxd4 15. exd4 0-0-0 16. Bh2 Rhf8 17. Rde1 Ne4 18. Nxd7 Qxd7 19. Ne5 Bxe5 20. Bxe5 Nf6 21. f4 Rg8 22. f5 Rde8 23. fxe6 Rxe6 24. Re3 Rge8 25. Rhe1 Qc6 26. Qf2 Bb5 27. Qf4 Kb7 28. h4 a5 29. g5 hxg5 30. hxg5 Nd7 31. Bxg7 Rxe3 32. Rxe3 Rxe3 33. Qxe3 Qg6+ 34. Kc1 Qxg7 35. Bxd5+ Kc7 36. Qf4+ Kd8 37. Bxf7 Qf8 38. g6 Qg7 39. Qd6 Qh6+ 40. Kc2 a4 41. b3 1-0

[Event "Titled Tuesday intern op 03rd May Late"]
[Site "Chess.com INT"]
[Date "2022.05.03"]
[Round "8"]
[White "Vovk, Orest"]
[Black "Smail, Benedict"]
[Result "1-0"]
[WhiteElo "2315"]
[BlackElo "2085"]
[PlyCount "75"]
[EventDate "2022.05.03"]
[EventType "swiss (blitz)"]
[EventRounds "11"]
[EventCountry "USA"]
[SourceTitle "CBM 208 Extra"]
[Source "ChessBase"]
[SourceDate "2022.07.31"]
[SourceVersion "1"]
[SourceVersionDate "2022.07.31"]
[SourceQuality "1"]

1. h4 d5 2. h5 e5 3. h6 Nxh6 4. d4 e4 5. Bxh6 gxh6 6. e3 Be6 7. c4 c6 8. Qb3 Qb6 9. Nc3 Nd7 10. Rh5 Bg4 11. Rh4 Be6 12. cxd5 Qxb3 13. axb3 cxd5 14. Bb5 Bb4 15. Rxh6 0-0 16. Rxe6 fxe6 17. Bxd7 Rf6 18. Nge2 Rd8 19. Bb5 a6 20. Bxa6 bxa6 21. Rxa6 Rdf8 22. Nf4 Kf7 23. Ra7+ Kg8 24. Ke2 Rb8 25. Ra6 Kf7 26. Na4 Bf8 27. Ra7+ Kg8 28. Nc5 Bxc5 29. dxc5 Rxb3 30. c6 Rxb2+ 31. Kd1 Rh6 32. Nh3 Rb8 33. Rd7 Rc8 34. c7 Rf6 35. Nf4 Rf7 36. Rd8+ Rf8 37. Nxe6 Rxc7 38. Rxf8# 1-0

[Event "Oregon-ch"]
[Site "Portland"]
[Date "2017.02.18"]
[Round "5"]
[White "Smail, Benedict"]
[Black "Deeth, Steven B"]
[Result "1-0"]
[WhiteElo "2120"]
[BlackElo "2075"]
[PlyCount "87"]
[EventDate "2017.02.11"]
[EventType "tourn"]
[EventRounds "9"]
[EventCountry "USA"]
[SourceTitle "EXT 2024"]
[Source "ChessBase"]
[SourceDate "2023.10.10"]
[SourceVersion "1"]
[SourceVersionDate "2023.10.10"]
[SourceQuality "1"]

1. d4 d5 2. c4 c6 3. Nf3 Nf6 4. Nc3 e6 5. e3 Nbd7 6. Qc2 b6 7. cxd5 exd5 8. Bd3 Bb7 9. e4 dxe4 10. Nxe4 Be7 11. Ne5 Rc8 12. 0-0 Nxe4 13. Bxe4 Nf6 14. Bf5 Rc7 15. Bf4 Bd6 16. Bg5 h6 17. Bh4 0-0 18. Bxf6 Qxf6 19. Nd7 Rxd7 20. Bxd7 Qxd4 21. Rad1 Qf6 22. Qf5 Be5 23. b3 c5 24. Qxf6 Bxf6 25. Bf5 g6 26. Bh3 Bd4 27. g3 Kg7 28. Bg2 Ba6 29. Rfe1 Kf6 30. Bc6 Rc8 31. Bd5 Rc7 32. Kg2 Bb5 33. a4 Bd7 34. f4 a6 35. h3 b5 36. axb5 axb5 37. Re2 Bc6 38. Bxc6 Rxc6 39. Ra2 Re6 40. b4 Rb6 41. Kf3 h5 42. g4 hxg4+ 43. hxg4 Ke6 44. Rc2 1-0

[Event "Oregon-ch"]
[Site "Portland"]
[Date "2017.02.11"]
[Round "1"]
[White "Smail, Benedict"]
[Black "Zavortink, Matt B"]
[Result "1/2-1/2"]
[WhiteElo "2120"]
[BlackElo "1979"]
[PlyCount "109"]
[EventDate "2017.02.11"]
[EventType "tourn"]
[EventRounds "9"]
[EventCountry "USA"]
[SourceTitle "EXT 2024"]
[Source "ChessBase"]
[SourceDate "2023.10.10"]
[SourceVersion "1"]
[SourceVersionDate "2023.10.10"]
[SourceQuality "1"]

1. d4 d5 2. c4 dxc4 3. Nf3 Nf6 4. e3 Bg4 5. Bxc4 e6 6. h3 Bh5 7. Nc3 a6 8. g4 Bg6 9. Ne5 Nbd7 10. Nxg6 hxg6 11. Qf3 b5 12. Bb3 Bb4 13. a4 0-0 14. Bd2 c5 15. axb5 axb5 16. Rxa8 Qxa8 17. Qxa8 Rxa8 18. Nxb5 Ra1+ 19. Bd1 Bxd2+ 20. Kxd2 Ne4+ 21. Ke2 Rb1 22. Kf3 Nd2+ 23. Kg2 Rxb2 24. dxc5 Nxc5 25. Nc3 Nde4 26. Nxe4 Nxe4 27. Rf1 g5 28. Ba4 Nc5 29. Bc6 f6 30. Be8 Nd3 31. Bg6 Ne5 32. Rb1 Rxb1 33. Bxb1 Kf7 34. f4 gxf4 35. exf4 Nc6 36. Be4 Na5 37. h4 Nc4 38. g5 g6 39. Kf2 Kg7 40. Bd3 Nd6 41. Ke3 e5 42. fxe5 fxe5 43. Bc2 Kf7 44. Kd2 Kg7 45. Kc3 Kf7 46. Kb4 e4 47. Kc5 e3 48. Bd3 Nf5 49. Kd5 Ng3 50. h5 gxh5 51. Ke5 e2 52. g6+ Kg7 53. Bxe2 Nxe2 54. Kf5 Nf4 55. Kxf4 1/2-1/2

[Event "PRO League Pacific"]
[Site "Chess.com INT"]
[Date "2017.01.11"]
[Round "1"]
[White "Tang, Andrew"]
[Black "Smail, Benedict"]
[Result "1-0"]
[WhiteElo "2466"]
[BlackElo "2120"]
[PlyCount "77"]
[EventDate "2017.01.11"]
[EventType "team-swiss (rapid)"]
[EventRounds "7"]
[EventCountry "USA"]
[SourceTitle "CBM 176 Extra"]
[Source "ChessBase"]
[SourceDate "2017.03.02"]
[SourceVersion "1"]
[SourceVersionDate "2017.03.02"]
[SourceQuality "1"]
[WhiteTeam "Minnesota Blizzard"]
[BlackTeam "Portland Rain"]
[WhiteTeamCountry "UAE"]
[BlackTeamCountry "USA"]

1. d4 Nf6 2. c4 e6 3. Nc3 Bb4 4. Nf3 0-0 5. Bg5 c5 6. Rc1 d6 7. e3 Nbd7 8. Bd3 h6 9. Bh4 b6 10. 0-0 Bxc3 11. Rxc3 Bb7 12. Rc1 Qc7 13. Bb1 Be4 14. Bxe4 Nxe4 15. Qd3 Ndf6 16. Rfd1 g5 17. Bg3 Nxg3 18. hxg3 Rad8 19. e4 e5 20. d5 a6 21. Nd2 Nd7 22. Nf1 Rb8 23. Ne3 b5 24. Nf5 Kh7 25. Qf3 Kg6 26. Kh2 Rh8 27. Rh1 Nf6 28. Kg1 h5 29. Nh4+ gxh4 30. Qf5+ Kg7 31. Qg5+ Kf8 32. Qxf6 Rh7 33. Rxh4 Qe7 34. Qf5 f6 35. Rxh5 Rxh5 36. Qxh5 Qf7 37. Qh8+ Qg8 38. Qxf6+ Qf7 39. Qxd6+ 1-0

[Event "Oregon-ch"]
[Site "Portland"]
[Date "2016.02.14"]
[Round "7"]
[White "Smail, Benedict"]
[Black "Gatica, Jose M"]
[Result "1-0"]
[WhiteElo "2097"]
[BlackElo "1990"]
[PlyCount "185"]
[EventDate "2016.02.06"]
[EventType "tourn"]
[EventRounds "9"]
[EventCountry "USA"]
[SourceTitle "EXT 2018"]
[Source "ChessBase"]
[SourceDate "2017.10.13"]
[SourceVersion "1"]
[SourceVersionDate "2017.10.13"]
[SourceQuality "1"]

1. d4 Nf6 2. c4 e6 3. g3 c5 4. Nf3 b6 5. Bg2 Bb7 6. 0-0 cxd4 7. Nxd4 Bxg2 8. Kxg2 Be7 9. Nc3 0-0 10. Bf4 d5 11. Ndb5 a6 12. Nc7 Ra7 13. cxd5 Rxc7 14. d6 Rd7 15. dxe7 Qxe7 16. Qb3 b5 17. Rfd1 Nc6 18. Rxd7 Qxd7 19. Rd1 Qb7 20. Kg1 h6 21. Rd6 Na5 22. Qd1 Nc4 23. Rd8 Rxd8 24. Qxd8+ Kh7 25. b3 Nb6 26. Qd3+ Kg8 27. Be5 Nbd7 28. Bd4 Qc6 29. f3 Nc5 30. Qe3 Ncd7 31. Qd2 Qd6 32. Be3 Qc6 33. Bf2 Ne5 34. Bd4 Ned7 35. e4 Qd6 36. Be3 Qc6 37. Kg2 Kh7 38. Bf4 Nh5 39. Be3 Nhf6 40. Qd4 Kg8 41. h3 Qc7 42. Ne2 Qc2 43. Qd2 Qc7 44. Qc3 Qd6 45. Qc8+ Kh7 46. Qc2 Kg8 47. Bf4 Qb6 48. Qc8+ Nf8 49. Qc7 Qxc7 50. Bxc7 Ne8 51. Ba5 Nd7 52. Kf2 f6 53. Nd4 Kf7 54. Nc6 e5 55. Nb4 Nc5 56. Bb6 Nd7 57. Ba7 Nc7 58. Be3 Ke6 59. Ke2 Kd6 60. Nd3 Kc6 61. Kd2 Ne6 62. Nb4+ Kb7 63. Nd5 Nc7 64. Ne7 Ne6 65. g4 Ndf8 66. h4 Nh7 67. Kc3 Nhf8 68. a3 Nd7 69. Kb4 Nb8 70. Nf5 Nc6+ 71. Kc3 Kc7 72. a4 bxa4 73. bxa4 Kd7 74. Kc4 Ne7 75. Nxe7 Kxe7 76. Kb4 Kd7 77. Ka5 Nc7 78. Bb6 Ne6 79. Kxa6 Kc6 80. Ka5 Nf4 81. Be3 Nd3 82. Bd2 Kc5 83. h5 Kc6 84. Bb4 Nb2 85. Bf8 Nc4+ 86. Kb4 Nd2 87. Bxg7 Nxf3 88. Bxf6 Nh2 89. g5 Ng4 90. Bg7 hxg5 91. h6 Nxh6 92. Bxh6 g4 93. Be3 1-0

[Event "Oregon-ch"]
[Site "Portland"]
[Date "2016.02.13"]
[Round "6"]
[White "Russell, Corey J"]
[Black "Smail, Benedict"]
[Result "0-1"]
[WhiteElo "2111"]
[BlackElo "2097"]
[PlyCount "96"]
[EventDate "2016.02.06"]
[EventType "tourn"]
[EventRounds "9"]
[EventCountry "USA"]
[SourceTitle "EXT 2018"]
[Source "ChessBase"]
[SourceDate "2017.10.13"]
[SourceVersion "1"]
[SourceVersionDate "2017.10.13"]
[SourceQuality "1"]

1. d4 Nf6 2. c4 e6 3. a3 c5 4. e3 a6 5. Nf3 cxd4 6. exd4 d6 7. Nc3 Be7 8. Be2 b6 9. 0-0 0-0 10. b4 Nbd7 11. Bf4 Bb7 12. h3 Rc8 13. Nd2 Qc7 14. Re1 e5 15. dxe5 dxe5 16. Bh2 Rfd8 17. Bf1 Bd6 18. Qc1 Nf8 19. Nde4 Nxe4 20. Nxe4 Be7 21. Qb2 f6 22. Nc3 a5 23. Nb5 Qb8 24. f4 Ng6 25. fxe5 Nxe5 26. Rxe5 fxe5 27. Bxe5 Bf6 28. Bxf6 gxf6 29. Qxf6 Rc6 30. Qh4 Rg6 31. Ra2 Rd1 32. Nc3 Qd8 33. Qxd8+ Rxd8 34. Nd5 Kh8 35. Nf4 Rf6 36. g3 Rfd6 37. bxa5 bxa5 38. Rb2 Ba6 39. Be2 Rd4 40. Kg2 Bxc4 41. Bxc4 Rxc4 42. h4 Rc3 43. Rb7 Rg8 44. Nh5 Rxa3 45. Ra7 Rf8 46. Ng7 a4 47. Nh5 Ra1 48. g4 Ra3 0-1

[Event "San Francisco TNM Summer op"]
[Site "San Francisco"]
[Date "2015.06.30"]
[Round "6"]
[White "Smail, Benedict"]
[Black "Andries, Craig"]
[Result "1-0"]
[WhiteElo "2257"]
[BlackElo "1913"]
[PlyCount "47"]
[EventDate "2015.05.26"]
[EventType "swiss"]
[EventRounds "8"]
[EventCountry "USA"]
[SourceTitle "EXT 2016"]
[Source "ChessBase"]
[SourceDate "2015.10.08"]
[SourceVersion "1"]
[SourceVersionDate "2015.10.08"]
[SourceQuality "1"]

1. d4 Nf6 2. c4 g6 3. Nc3 Bg7 4. Nf3 d6 5. Bg5 0-0 6. e3 c6 7. Be2 Nbd7 8. Qc2 Qc7 9. 0-0 a6 10. Rac1 Re8 11. Rfd1 Nf8 12. Nd2 h6 13. Bh4 Bd7 14. a3 N8h7 15. b4 e5 16. dxe5 dxe5 17. Bg3 Re7 18. c5 Be6 19. Nc4 Bxc4 20. Bxc4 Nf8 21. Bh4 g5 22. Bg3 Nh5 23. Ne4 Kh8 24. Nd6 1-0

[Event "Chicago op 23rd"]
[Site "Wheeling"]
[Date "2014.05.25"]
[Round "7"]
[White "Eckert, Doug D"]
[Black "Smail, Benedict"]
[Result "1-0"]
[WhiteElo "2255"]
[BlackElo "2093"]
[PlyCount "69"]
[EventDate "2014.05.22"]
[EventType "swiss"]
[EventRounds "9"]
[EventCountry "USA"]
[SourceTitle "CBM 160 Extra"]
[Source "ChessBase"]
[SourceDate "2014.07.01"]
[SourceVersion "1"]
[SourceVersionDate "2014.07.01"]
[SourceQuality "1"]

1. c4 e6 2. g3 d5 3. Bg2 Nf6 4. Nf3 dxc4 5. Na3 a6 6. Nxc4 b5 7. Nce5 Bb7 8. Nxf7 Kxf7 9. Ne5+ Kg8 10. Bxb7 Ra7 11. Bg2 c5 12. a4 Qc7 13. Nf3 b4 14. d3 Nc6 15. 0-0 Bd6 16. Qb3 Nd8 17. Be3 Nd5 18. Bd2 Qc8 19. Rac1 Rc7 20. Ng5 Nf6 21. Bh3 Re7 22. Qxb4 h6 23. Ne4 Qa8 24. Nxf6+ gxf6 25. Qh4 Kg7 26. Rc4 h5 27. Bc3 Rh6 28. Bg2 Qb8 29. Qg5+ Rg6 30. Qxh5 e5 31. Rh4 Rg5 32. Qh8+ Kf7 33. Bd5+ Ne6 34. Rh7+ Kg6 35. Rh6+ 1-0

[Event "Chicago op 21st"]
[Site "Wheeling"]
[Date "2012.05.24"]
[Round "1"]
[White "Gulamali, Kazim"]
[Black "Smail, Benedict"]
[Result "1-0"]
[WhiteElo "2346"]
[BlackElo "2030"]
[PlyCount "111"]
[EventDate "2012.05.24"]
[EventType "swiss"]
[EventRounds "9"]
[EventCountry "USA"]
[SourceTitle "CBM 148 Extra"]
[Source "ChessBase"]
[SourceDate "2012.06.22"]
[SourceVersion "1"]
[SourceVersionDate "2012.06.22"]
[SourceQuality "1"]

1. e4 c5 2. Nf3 Nc6 3. d4 cxd4 4. Nxd4 Nf6 5. Nc3 d6 6. Bc4 Qb6 7. Nb3 e6 8. Qe2 Be7 9. g4 Nd7 10. Be3 Qc7 11. f4 a6 12. a4 Bh4+ 13. Bf2 Bxf2+ 14. Qxf2 Nb4 15. Bf1 0-0 16. 0-0-0 Nc5 17. Kb1 Nxb3 18. cxb3 Rd8 19. f5 b6 20. Bc4 Qc5 21. Qh4 Bd7 22. Qe7 Nc6 23. Qxd6 Qxd6 24. Rxd6 exf5 25. Rhd1 Be8 26. gxf5 Kf8 27. Rxd8 Nxd8 28. Bxa6 Rxa6 29. Rxd8 Ke7 30. Rb8 Bc6 31. Ka2 Kf6 32. Ka3 Ke5 33. b4 Ra8 34. Rxb6 Bxe4 35. Nxe4 Kxe4 36. f6 gxf6 37. Rxf6 Ra7 38. b5 Ke5 39. Rf1 f5 40. Kb4 Kd6 41. Rxf5 Rg7 42. Rf6+ Kc7 43. Rh6 Kb7 44. h3 Rf7 45. Rh4 Ka7 46. a5 Kb7 47. Rh5 Ka7 48. Kc5 Kb7 49. a6+ Ka7 50. Kb4 Kb6 51. Rh6+ Ka7 52. Ka5 Kb8 53. b4 Re7 54. Rf6 Re8 55. Rf7 Rh8 56. b6 1-0